Homicide--suicide in the United States, 1968-1975

Guardado en:  
Detalles Bibliográficos
Autores principales: Bridges, F. Stephen (Autor) ; Lester, David (Autor)
Tipo de documento: Print Artículo
Lenguaje:Inglés
Publicado: 2011
En: Forensic science international
Año: 2011, Volumen: 206, Número: 185, Páginas: 189
Verificar disponibilidad: HBZ Gateway

MARC

LEADER 00000caa a22000002c 4500
001 1912575892
003 DE-627
005 20250122055004.0
007 tu
008 241217s2011 xx ||||| 00| ||eng c
035 |a (DE-627)1912575892 
035 |a (DE-599)KXP1912575892 
040 |a DE-627  |b ger  |c DE-627  |e rda 
041 |a eng 
084 |a 2,1  |2 ssgn 
100 1 |a Bridges, F. Stephen  |e VerfasserIn  |4 aut 
245 1 0 |a Homicide--suicide in the United States, 1968-1975 
264 1 |c 2011 
336 |a Text  |b txt  |2 rdacontent 
337 |a ohne Hilfsmittel zu benutzen  |b n  |2 rdamedia 
338 |a Band  |b nc  |2 rdacarrier 
700 1 |a Lester, David  |e VerfasserIn  |4 aut 
773 0 8 |i Enthalten in  |t Forensic science international  |d Shannon : Elsevier Scientific Publ. Ireland, 1978  |g 206(2011), 185, Seite 189  |w (DE-627)130026263  |w (DE-600)424042-X  |w (DE-576)015567648  |x 0379-0738  |7 nnas 
773 1 8 |g volume:206  |g year:2011  |g number:185  |g pages:189 
787 0 8 |i Forschungsdaten  |a Riedel, Marc  |t Trends in American Homicide, 1968-1978: Victim-Level Supplementary Homicide Reports  |d [Erscheinungsort nicht ermittelbar] : [Verlag nicht ermittelbar], 1987  |w (DE-627)184006319X 
935 |a mkri 
951 |a AR 
ELC |b 1 
LOK |0 000 xxxxxcx a22 zn 4500 
LOK |0 001 4637541395 
LOK |0 003 DE-627 
LOK |0 004 1912575892 
LOK |0 005 20241217044536 
LOK |0 008 241217||||||||||||||||ger||||||| 
LOK |0 035   |a (DE-2619)ICPSR96553 
LOK |0 040   |a DE-2619  |c DE-627  |d DE-2619 
LOK |0 092   |o n 
LOK |0 852   |a DE-2619 
LOK |0 852 1  |9 00 
LOK |0 935   |a nacp 
LOK |0 939   |a 17-12-24  |b l01 
ORI |a SA-MARC-krimdoka001.raw